Změněná cizí vlastní geografická jména

Salvato in:
Dettagli Bibliografici
Natura: Libro
Lingua:ceco
Pubblicazione: Praha Český úřad geodetický a kartografický 1986
Tags: Aggiungi Tag
Nessun Tag, puoi essere il primo ad aggiungerne!!

MARC

LEADER 00000nam a2200000 4500
001 c103398
005 20041019155129.2
041 0 |a cze 
044 |a CZ 
245 1 0 |a Změněná cizí vlastní geografická jména 
264 1 |a Praha  |b Český úřad geodetický a kartografický  |c 1986 
300 |a 60 s.